| 000 | 01493nam a2200361 a 4500 | ||
|---|---|---|---|
| 001 | ebr10504520 | ||
| 003 | CaPaEBR | ||
| 006 | m u | ||
| 007 | cr cn||||||||| | ||
| 008 | 110906s2011 enkbf sb 001 0 eng d | ||
| 010 | _z 2011284238 | ||
| 020 | _z9781848856400 (hbk.) | ||
| 020 | _z1848856407 (hbk.) | ||
| 020 | _z9780857719898 (e-book) | ||
| 040 |
_aCaPaEBR _cCaPaEBR |
||
| 035 | _a(OCoLC)759387365 | ||
| 050 | 1 | 4 |
_aHV553 _b.C43 2011eb |
| 082 | 0 | 4 |
_a361.77 _222 |
| 100 | 1 | _aChaulia, Sreeram. | |
| 245 | 1 | 0 |
_aInternational organizations and civilian protection _h[electronic resource] : _bpower, ideas and humanitarian aid in conflict zones / _cSreeram Chaulia. |
| 260 |
_aLondon ; _aNew York : _bI.B. Tauris, _c2011. |
||
| 300 |
_axxii, 263 p., [2] p. of plates : _bmap. |
||
| 490 | 1 |
_aThe library of international relations ; _v54 |
|
| 504 | _aIncludes bibliographical references (p. [231]-258) and index. | ||
| 533 |
_aElectronic reproduction. _bPalo Alto, Calif. : _cebrary, _d2011. _nAvailable via World Wide Web. _nAccess may be limited to ebrary affiliated libraries. |
||
| 650 | 0 | _aHumanitarian assistance. | |
| 650 | 0 | _aNon-governmental organizations. | |
| 650 | 0 | _aCivilians in war. | |
| 655 | 7 |
_aElectronic books. _2local |
|
| 710 | 2 | _aebrary, Inc. | |
| 830 | 0 |
_aLibrary of international relations (Series) ; _v54. |
|
| 856 | 4 | 0 |
_uhttp://site.ebrary.com/lib/rucke/Doc?id=10504520 _zAn electronic book accessible through the World Wide Web; click to view |
| 999 |
_c221125 _d221125 |
||